Match the language to the city - Statistics

General Stats
  • This quiz has been taken 80 times
  • The average score is 9 of 22
Answer Stats
Hint Explanation Answer % Correct
Russian Siberia Novokuznetsk
87%
Japanese Japan Okayama
80%
Vietnamese Vietnam Nha Trang
77%
Quechua Bolivia La Paz
75%
Wu China Shaoxing
75%
Swedish Sweden Västerås
70%
Xhosa South Africa Port Elizabeth
54%
Basque Spain Vitoria-Gasteiz
52%
Blackfoot Alberta Fort MacLeod
49%
Georgian Georgia Kutaisi
38%
Marathi India Nagpur
35%
Cherokee Oklahoma Tahlequah
32%
Amharic Ethiopia Bahir Dar
28%
Ga Ghana Accra
25%
Kannada India Bangalore
24%
Telugu India Visakhapatnam
23%
Uzbek Uzbekistan Namangan
18%
Zulu South Africa Krugersdorp
17%
Igbo Nigeria Onitsha
17%
Oromo Ethiopia Jimma
15%
Hausa Nigeria Zaria
13%
Fang Gabon Libreville
11%
No matching quizzes found
Score Distribution
Percent of People with Each Score
Percentile by Number Answered
Your Score History
You have not taken this quiz